Corporations' use of the Internet in developing countries (Бичлэгийн дугаар. 146409)
| 000 -УДИРДЛАГА | |
|---|---|
| Удирдлага | 00830nam a22003017a 4500 |
| 003 - ХЯНАЛТЫН ТОО ТОДОРХОЙЛОГЧ | |
| Код | MN-UlNUM |
| 005 - БИЧИЛТ ХИЙСЭН ОГНОО | |
| Тухайн бичилтийг бичсэн засварласан сүүлийн огноо | 20260310165437.0 |
| 008 - ЕРӨНХИЙ МЭДЭЭЛЭЛ | |
| Ерөнхий мэдээлэл | 260310s1998 dcu i000 0 eng |
| 020 ## - ISBN | |
| ISBN | 0821342568 |
| -- | 0821342565 |
| 040 ## - БИЧЛЭГ ҮҮСГЭГЧ БАЙГУУЛЛАГА | |
| Бичлэг үүсгэгч номын сангийн код | МУИС-ийн номын сан |
| 084 ## - ББК АНГИЛАЛ | |
| Нэмэлт тусгалт | Нэг сэдэвт бүтээл |
| ББК ангилал | 65.290-2 |
| Зохиогчийн гурван тэмдэгт | D 355 |
| Мэдлэгийн ялгаа | 65 - Эдийн засаг |
| 100 ## - ЗОХИОГЧ | |
| Зохиогчийн нэр | Daly, John A |
| 245 ## - ҮНДСЭН ГАРЧИГ | |
| Номын нэр | Corporations' use of the Internet in developing countries |
| 260 ## - ГАРАЛТЫН МЭДЭЭ | |
| Хэвлэгдсэн газар | Washington, D.C |
| Хэвлэлийн газар | World Bank |
| Хэвлэгдсэн он | 1998 |
| 300 ## - МАТЕРИАЛЫН ТОДОРХОЙЛОЛТ | |
| хуудасны тоо | ix, 21 p. ; |
| Хэмжээ | 28 cm |
| 500 ## - Тайлбар | |
| Дансны дугаар | БС 4409 |
| 546 ## - ХЭЛНИЙ ТУХАЙ МЭДЭЭ | |
| Хэл | Англи хэл дээр, |
| 653 ## - Түлхүүр үг | |
| Түлхүүр үг | corporations |
| 653 ## - Түлхүүр үг | |
| Түлхүүр үг | Internet |
| 653 ## - Түлхүүр үг | |
| Түлхүүр үг | developing countries |
| 700 ## - ХАМ ЗОХИОГЧИД | |
| Ба бус | Miller, Robert R |
| 740 ## - НОМЫН ГАРЧИГ | |
| Гарчиг | Questionnaire Design |
| 740 ## - НОМЫН ГАРЧИГ | |
| Гарчиг | Construction of the Sample |
| 740 ## - НОМЫН ГАРЧИГ | |
| Гарчиг | Connecting to the Internet |
| 740 ## - НОМЫН ГАРЧИГ | |
| Гарчиг | Use electronic mail |
| 942 ## - ЭЛЕМЕНТИЙН ТӨРӨЛ | |
| Зүйлийн төрөл | Ном |
